Past tense 4 - Statistics

General Stats
  • This quiz has been taken 27 times
  • The average score is 13 of 15
Answer Stats
Present tense Past tense % Correct
Withhold Withheld
100%
Dig Dug
96%
Think Thought
96%
Weep Wept
96%
Cast Cast
92%
Flatten Flattened
92%
Overdraw Overdrew
92%
Sow Sowed
84%
Strive Strove
84%
Weave Wove
84%
Slink Slunk
80%
Interlay Interlaid
76%
Alight Alighted
72%
Forbid Forbade
72%
Shear Shore
64%
No matching quizzes found
Score Distribution
Percent of People with Each Score
Percentile by Number Answered
Your Score History
You have not taken this quiz